000 01161nam a22003737a 4500
003 CHAP
005 20220817043655.0
008 000524d1999 it rn 00110 eng d
010 _a81277
011 _a82249
020 _a9251043477
035 _a92738
040 _cCHAP
082 0 4 _a630
_bF3 v.139
110 2 _aFAO
245 1 0 _aLaw and markets :
_bimproving the legal environment for agricultural marketing
_c/by Cormac Cullinan
260 _aRome :
_bFAO,
_c1999.
300 _a87 p.
410 _aFAO
490 0 _aFAO. Servicios agrícolas
_v; 139
590 _aBATCH-UPD
_b10
_c20130110
_lUCH01
_h0738
590 _aBATCH-UPD
_b10
_c20130410
_lUCH01
_h0420
590 _aBATCH-UPD
_b10
_c20130914
_lUCH01
_h1114
590 _aCONVERSION
_b10
_c20130109
_lUCH01
_h1345
650 1 4 _aAgricultura
_xAspectos económicos.
650 1 4 _aProductos agrícolas
_xMercadeo.
_991951
700 0 _aCullinan, Cormac.
_930207
810 0 _aFAO
830 0 0 _aFAO. Servicios agrícolas
_v; 139
_939697
901 _aBK
905 _aPatricia Mendoza P.
942 _cLIBRO
949 _a630 F3 v.139
_bBC
_cFAO
_d33724000779617
_eFAO1
_h97542
_i92738
_kDonaciØn
_sb
999 _c81277
_d81277